000
00379nam a2200133Ia 4500
008
151001s9999||||xx |||||||||||||| ||und||
100
_a
नानी पालखीवाला
245
_a
वुइ दि नेशनःवाया गेलेली वर्षे
250
_a
2
260
_b
क्ष
260
_c
1997
300
_a
297
365
_b
21
999
_c
984880
_d
984877